000 00668nam a2200193 a 4500
001 000036924
005 20200930080026.0
008 120206s1971 mx 000 0 spa d
040 _aDO-SdBNP
_bspa
_cBNPHU
082 _axxx
_bF828c
100 1 _aFrank, Lawrence K.
_963324
240 1 0 _aHow to be a modern leader
_lespañol
245 1 0 _aCómo ser un director moderno /
_cLawrence K. Frank ; traductor René Cárdenas Barrios.
260 _aMéxico :
_bDiana,
_c1971.
300 _a79 p. ;
_c19 cm.
490 1 _aBiblioteca para el Director de Grupos
_vv.1
700 1 _aCárdenas Barrios, René,
_etr.
_912537
830 0 _aBiblioteca para el Director de Grupos
_950218
999 _c36414
_d36414